000 00855nam a2200265 i 4500
001 14732
003 ES-MaACL
005 20250302183633.0
007 t|
008 970825s1985 sp ||||0| spa j
020 _a84-7398-369-6
040 _aM-BN
_bspa
_cM-BN
080 _a342.53(460)
100 1 _aCazorla Prieto, Luis María.
_937254
245 1 4 _aLas Cortes Generales
_b: ¿parlamento contemporaneo? /
_cLuis María Cazorla Prieto ; prólogo de Gregorio Peces-Barba.
260 _aMadrid :
_bCívitas,
_c1985.
300 _a171 p. ;
_c18 cm.
490 1 _aCuadernos Cívitas
504 _aBibliografía: p. 157-169.
610 1 _aEspaña.
_bCortes Generales.
_93668
700 1 _aPeces-Barba, Gregorio,
_d1938-
_989835
830 0 _aCuadernos Cívitas
_9179683
852 _aES-MaACL
_jL-21888
_bR.110779
999 _c14732
_d14732